| 000 | 01066nam a2200277 a 4500 | ||
|---|---|---|---|
| 001 | 000003168 | ||
| 003 | DO-SdBNP | ||
| 005 | 20240424114102.0 | ||
| 008 | 090707s2009 dr 001 0 spa d | ||
| 020 | _a9789945862539 | ||
| 040 |
_aBPMSU _bspa _cBPMSU |
||
| 082 | 4 |
_aRD864.44 _bM433d 2009 _222 |
|
| 100 | 1 | _aMatos Moquete, Manuel | |
| 245 | 1 | 3 |
_aLa dominicanidad indignada en los cuentos de Juan Bosch / _cManuel Matos Moquete ; edición Lizet Rodríguez Hernández. |
| 260 |
_aSanto Domingo : _bPublicaciones Matos Moquete, _c2009. |
||
| 300 |
_a166 p. ; _c23 cm. |
||
| 500 | _aIncluye datos biográficos del autor en la solapa de la cubierta | ||
| 504 | _aIncluye referencias bibliográficas y notas al pie de las páginas | ||
| 586 | _aPremio Nacional de Novela 1984 | ||
| 600 | 1 | 4 |
_aBosch, Juan _d1909-2001 _xCrítica e interpretación |
| 650 | 4 |
_aEnsayos dominicanos _x |
|
| 650 | 4 |
_aCuentos diminicanos _xCritica e interpretación |
|
| 700 | 1 |
_aRodríguez Hernández, Lizet, _eeditor |
|
| 910 | _aVMateo V. Control de calidad BPMSU | ||
| 942 |
_2ddc _cBK |
||
| 999 |
_c12625 _d12625 |
||